000
00274nam a2200097Ia 4500
005
20251222114411.0
008
251222s1900||||xx |||||||||||||| ||spa||
082
_a
DVD0192/U61/2000
245
0
_a
Seminario de ética: proyecto genoma humano - bioética y bioderecho:
942
_c
DVD
999
_c
2042
_d
2042